00548nam a2200229Ia 4500008004000000020001500040041000800055082001600063100002100079245006700100260004600167300001200213650000800225650001500233650000700248650001300255650001000268650000700278650001200285650001400297650000700311210210b2009 xxu||||| |||| 00| 0 eng d a0195646584 aeng a954.02 HABM aHABIB (Irfan) Ed aMedieval India 1: researches in the history of India 1200-1750 aNew DelhibOxford University Pressc2009 avii,224 athe aresearches aof aMedieval aIndia ain ahistory a1200-1750 a1: